Normal view
MARC view
Entry Corporate Name
001 - CONTROL NUMBER
- control field: 2181
003 - CONTROL NUMBER IDENTIFIER
- control field: NLI
005 - DATE AND TIME OF LATEST TRANSACTION
- control field: 20210302143408.0
008 - FIXED-LENGTH DATA ELEMENTS
- fixed length control field: 210302|| aca||aabn | a|a d
040 ## - CATALOGING SOURCE
- Original cataloging agency: NLI
- Transcribing agency: NLI
110 ## - HEADING--CORPORATE NAME
- Corporate name or jurisdiction name as entry element: National Heart and Lung Institute.
- Subordinate unit: Division of Blood Diseases and Resources
670 ## - SOURCE DATA FOUND
- Source citation: Work cat.: (NLI)1531: 880-01, Hemostasis and thrombosis : a bibliography, 1978
